| 000 | 00908nam a22002897a 4500 | ||
|---|---|---|---|
| 001 | 8423 | ||
| 003 | FISKH | ||
| 005 | 20260128105247.0 | ||
| 008 | 250911b cb ||||| |||| 00| 0 eng d | ||
| 020 | _a9780590207195 | ||
| 040 |
_aFISKH _beng _cFISKH _dFISKH |
||
| 050 | _aLT4221.5 .B46 | ||
| 082 | _a621.388 | ||
| 100 | _aBendick, Jeanne | ||
| 245 |
_aEureak ! it's television ! / _cBy Jeanne Bendick and Robert Bendick : illustrated by Sal Murdocca |
||
| 260 |
_aNew York : _bScholastic , _c1993. |
||
| 300 |
_a48 pages : _bcolor illustrations ; _c24 cm . |
||
| 505 | _aN | ||
| 520 | _aDiscusses how a television works and the history of its development. | ||
| 521 | 8 |
_a570
_bLexile |
|
| 521 | 8 |
_aN
_bRaz-Plus |
|
| 650 |
_aPhysical science _vNon-fiction |
||
| 650 |
_aTechnology _vNon-fiction |
||
| 700 |
_aMurdocca, Sal _eIllustrator |
||
| 942 |
_2ddc _cBK _n0 |
||
| 999 |
_c8423 _d8423 |
||